Statistics for North American Sports Cities Quiz

Click here to take the quiz!

General Stats

  • This quiz has been taken 100,955 times
    (39,628 since last reset)
  • The average score is 38 of 49

Answer Stats

#Metro Area% Correct
9New York / Northern NJ
99%
8Los Angeles
98%
5San Francisco /
San Jose / Oakland
96%
4Miami
96%
5Chicago
95%
4Boston
95%
4Dallas
95%
3Houston
94%
2Seattle
92%
4Philadelphia
90%
4Washington D.C.
88%
3Atlanta
88%
4Denver
88%
4Phoenix
87%
4Detroit
87%
2New Orleans
84%
3Cleveland
84%
3Tampa
83%
4Minneapolis
82%
3Pittsburgh
81%
1San Diego
80%
1Portland
80%
2Kansas City
79%
3Toronto
78%
2St. Louis
77%
1San Antonio
77%
2Las Vegas
77%
2Indianapolis
76%
2Nashville
75%
2Cincinnati
75%
2Baltimore
74%
1Orlando
74%
1Jacksonville
73%
2Charlotte
73%
1Oklahoma City
71%
2Milwaukee
70%
1Memphis
68%
2Buffalo
68%
1Salt Lake City
67%
1Vancouver
67%
1Montreal
66%
1Green Bay
64%
1Sacramento
63%
1Columbus
61%
1Ottawa
56%
1Edmonton
55%
1Calgary
55%
1Winnipeg
48%
1Raleigh
46%

Score Distribution

Percentile by Number Answered

Percent of People with Each Score

Your Score History

You have not taken this quiz since the last reset